000 00568nam a2200145Ia 4500
008 090122s9999 xx 000 0 und d
082 _b2799
_aG U J
100 _aसागरसुरी
_bअजित
_c-
245 _aश्री कुमार पाल भूपाल चरित्र
600 _aसागरसुरी
630 _aश्री कुमार पाल भूपाल चरित्र
700 _aसागरसुरी
730 _aश्री कुमार पाल भूपाल चरित्र
942 _cBOOK
999 _c26877
_d26877